Catálogo

Fisiología humana / (Registro nro. 21103)

Detalles MARC
000 -LEADER
fixed length control field 01362cam a2200349 i 4500
001 - CONTROL NUMBER
control field 21103
003 - CONTROL NUMBER IDENTIFIER
control field Mx-PuUPA
005 - DATE AND TIME OF LATEST TRANSACTION
control field 20250718084939.0
008 - FIXED-LENGTH DATA ELEMENTS--GENERAL INFORMATION
fixed length control field 140415s2003 sp ad fr 000 0 spa d
017 ## - COPYRIGHT OR LEGAL DEPOSIT NUMBER
Copyright or legal deposit number M. 32544-2003
020 ## - INTERNATIONAL STANDARD BOOK NUMBER
International Standard Book Number 9687081007
040 ## - CATALOGING SOURCE
Original cataloging agency Mx-PuUPA
Language of cataloging spa
Transcribing agency Mx-PuUPA
Modifying agency Mx-PuUPA
Description conventions rda
041 1# - LANGUAGE CODE
Language code of text/sound track or separate title spa
Language code of original eng
100 1# - MAIN ENTRY--PERSONAL NAME
Personal name Fox, Stuart Ira,
Dates associated with a name 1945-
9 (RLIN) 8023
Relator term autor
240 10 - UNIFORM TITLE
Uniform title Human physiology.
Language of a work Español
245 10 - TITLE STATEMENT
Title Fisiología humana /
Statement of responsibility, etc. Stuart Ira Fox ; traducción, José Luis Agud Aparicio, Santiago Madero García [y otros tres]
250 ## - EDITION STATEMENT
Edition statement Primera edición
264 #1 - PRODUCTION, PUBLICATION, DISTRIBUTION, MANUFACTURE, AND COPYRIGHT NOTICE
Place of production, publication, distribution, manufacture Aravaca, Madrid :
Name of producer, publisher, distributor, manufacturer McGraw-Hill/Interamericana de España,
Date of production, publication, distribution, manufacture, or copyright notice ©2003
300 ## - PHYSICAL DESCRIPTION
Extent xviii, 750 páginas :
Other physical details ilustraciones, gráficas, diagramas, tablas (en color) ;
Dimensions 28 cm
336 ## - CONTENT TYPE
Fuente rdacontent
Content type term texto
Content type code txt
336 ## - CONTENT TYPE
Fuente rdacontent
Content type term imagen fija
Content type code sti
337 ## - MEDIA TYPE
Source rdamedia
Media type term sin medio
Media type code n
338 ## - CARRIER TYPE
Source rdacarrier
Carrier type term volumen
Carrier type code nc
650 #7 - SUBJECT ADDED ENTRY--TOPICAL TERM
Source of heading or term armarc
Topical term or geographic name entry element Fisiología humana
700 1# - ADDED ENTRY--PERSONAL NAME
Personal name Agud Aparicio, José Luis,
Relator term traductor
700 1# - ADDED ENTRY--PERSONAL NAME
Personal name Madero García, Santiago,
Relator term traductor
765 0# - ORIGINAL LANGUAGE ENTRY
Main entry heading Fox, Stuart Ira, 1945-
Edition Tercera edición
Title Human physiology.
International Standard Book Number 0070272352
942 ## - ADDED ENTRY ELEMENTS (KOHA)
Source of classification or shelving scheme Dewey Decimal Classification
Koha item type Libro
Classification part 612
Item part F795
Existencias
Withdrawn status Lost status Source of classification or shelving scheme Damaged status Not for loan Collection code Home library Current library Shelving location Date acquired Source of acquisition Total Checkouts Full call number Barcode Date last seen Date last checked out Price effective from Koha item type
    Dewey Decimal Classification     General Biblioteca Karol Wojtyla Biblioteca Karol Wojtyla Sala general 03/12/2013 Compra 4 612 F795 2003 80882 05/02/2026 23/01/2026 22/05/2014 Libro